| 000 | 00586nam a2200217Ia 4500 | ||
|---|---|---|---|
| 005 | 20250923145814.0 | ||
| 008 | 008 250917s9999 xx 000 0 eng d | ||
| 037 | _aTextual | ||
| 040 |
_aDSWL _beng _cDSWL |
||
| 041 |
_aeng _2eng |
||
| 084 |
_aY33:5.2, N80;1 _qDSWL |
||
| 100 |
_aBose, A. _9839113 |
||
| 245 | 0 |
_aIndia's urbanization, 1901-2001 _cby A.Bose |
|
| 250 | _a2nd | ||
| 260 |
_aNew Delhi _bTata M.C. Grew will _c1980 |
||
| 300 | _axiv,585p. | ||
| 365 |
_aINR _b96.00 |
||
| 925 | _g96.00 | ||
| 942 |
_cTEXL _hY33:5.2, N80;1 |
||
| 999 |
_c1455914 _d1455914 |
||